000 01182nam a22003137a 4500
001 0008164
003 KOHA_MİRAKIL
005 20260207001625.0
007 ta
008 091009b2001 tu |||gr||||#||||0|eng |
020 _a9751614066
_cTL8
040 _aTR-BiSEU
_btur
_cTR-BiSEU
_erda
041 0 _aeng
044 _ctu
050 _aDS195.5
_b.O34 2001
100 1 _aÖke, Mim Kemal.
245 1 4 _aThe Armenian question/
_cMim Kemal Öke ; Mim Kemal Öke.
264 1 _aAnkara :
_bAtatürk Supreme Council of Culture, Language and History Publications Turkish Historical Society
_c2001
300 _axiv, 297 sayfa
336 _ametin
_btxt
_2rdacontent
337 _aaracısız
_bn
_2rdamedia
338 _acilt
_bnc
_2rdacarrier
490 1 _aAtatürk Supreme Council of Culture, Language and History Publications of Turkish Historical Society serial ;
_vVII, no.197.
500 _aKaynakça ve dizin var.
650 0 _aArmenian questions.
_95883
650 0 _aTurkey--History--1918-1960.
_911801
830 1 _aAtatürk Supreme Council of Culture, Language and History Publications of Turkish Historical Society serial ;
_vVII, no.197.
_920261
942 _2lcc
_cBK
999 _c8137
_d8137